000 00399nam a2200121Ia 4500
008 220620s9999||||xx |||||||||||||| ||und||
100 _aHouma Bachari Fouzia
245 0 _aMonitoring of Marine Pollution
546 _aEnglish[eng]
650 _aLife Sciences||Environmental Pollution||Environmental Sciences
856 _uhttps://www.intechopen.com/books/monitoring-of-marine-pollution
942 _cEB
999 _c27807
_d27807